Una mirada al mapa : Fiesta del fuego en Formosa /
Detalles del ritual pagano cristiano. El fuego como símbolo.
Guardado en:
| Autor Principal: | |
|---|---|
| Formato: | |
| Series: | Historias de la Argentina secreta
|
| Materias: | |
| Etiquetas: |
Agregar Etiqueta
Sin Etiquetas, Sea el primero en etiquetar este registro!
|
| LEADER | 00950ngm a22002895g 4500 | ||
|---|---|---|---|
| 001 | CEM.cems021935 | ||
| 008 | 130507b1992##################0###0#####d | ||
| 005 | 20240920144411.0 | ||
| 245 | 1 | 0 | |a Una mirada al mapa : |b Fiesta del fuego en Formosa / |c O. Borroni, R.Vacca. |
| 300 | |a 07'. | ||
| 490 | 0 | |a Historias de la Argentina secreta | |
| 500 | |a En soporte VHS, consultar en ventanilla. | ||
| 520 | |a Detalles del ritual pagano cristiano. El fuego como símbolo. | ||
| 538 | |a Soporte: VHS - Norma: Pal N - Color - Grabación DRD 1992 - Hitachi=2402 | ||
| 100 | 1 | |a Borroni, O. | |
| 082 | 3 | 0 | |/ ARA |
| 653 | |a GEOGRAFIA | ||
| 653 | |a ARGENTINA | ||
| 653 | |a HISTORIA | ||
| 653 | |a ARGENTINA-GEOGRAFIA | ||
| 653 | |a FORMOSA | ||
| 653 | |a CULTURA NACIONAL | ||
| 653 | |a CULTURAS | ||
| 653 | |a GEOGRAFIA HUMANA | ||
| 653 | |a NIVEL PRIMARIO | ||
| 653 | |a NIVEL SECUNDARIO | ||
| 859 | |a CEMS |b BIB. CEMS - Depto. Recursos Didacticos |h 301 |i ARA |k DRD |p 578.12 |t Ej.1 | ||
